Documentos importantes de Nueva Granada, Venezuela y Colombia : (Registro nro. 4418)

Detalles MARC
000 -LEADER
fixed length control field 00807nam a2200205Ia 4500
003 - CONTROL NUMBER IDENTIFIER
control field OSt
005 - DATE AND TIME OF LATEST TRANSACTION
control field 20201014111154.0
008 - FIXED-LENGTH DATA ELEMENTS--GENERAL INFORMATION
fixed length control field 191128s1969 ck gr 000 0 spa d
040 ## - CATALOGING SOURCE
Original cataloging agency CO-JMCR
Transcribing agency CO-JMCR
041 0# - LANGUAGE CODE
Language code of text/sound track or separate title spa
082 04 - DEWEY DECIMAL CLASSIFICATION NUMBER
Classification number 986.103 /
Item number R464d
Edition number 23
100 1# - MAIN ENTRY--PERSONAL NAME
Personal name Restrepo, José Manuel,
Relator term autor
9 (RLIN) 11101
245 10 - TITLE STATEMENT
Title Documentos importantes de Nueva Granada, Venezuela y Colombia :
Remainder of title apéndice de la historia de Colombia /
Statement of responsibility, etc. José Manuel Restrepo
260 ## - PUBLICATION, DISTRIBUTION, ETC.
Place of publication, distribution, etc. Bogotá :
Name of publisher, distributor, etc. Universidad Nacional de Colombia,
Date of publication, distribution, etc. 1969
300 ## - PHYSICAL DESCRIPTION
Extent 475 páginas ;
Dimensions 23 cm.
505 2# - FORMATTED CONTENTS NOTE
Miscellaneous information v.5
Title Documentos importantes de Nueva Granada, Venezuela y Colombia : apéndice de la historia de Colombia
651 #4 - SUBJECT ADDED ENTRY--GEOGRAPHIC NAME
Geographic name Colombia
General subdivision historia
Chronological subdivision 1810-1830
9 (RLIN) 11503
651 #4 - SUBJECT ADDED ENTRY--GEOGRAPHIC NAME
Geographic name Venezuela
General subdivision historia
Chronological subdivision 1810-1830
9 (RLIN) 11504
942 ## - ADDED ENTRY ELEMENTS (KOHA)
Source of classification or shelving scheme Dewey Decimal Classification
Koha item type Books
Existencias
Withdrawn status Lost status Source of classification or shelving scheme Damaged status Not for loan Collection code Home library Current library Date acquired Source of acquisition Total Checkouts Full call number Barcode Date last seen Date last checked out Copy number Koha item type
    Dewey Decimal Classification     Non-fiction Biblioteca Pública José María del Castillo y Rada Biblioteca Pública José María del Castillo y Rada 04/15/2018 Donación 2 986.103 / R464d 201809277 11/06/2024 11/05/2024 V.5 / Ej.1 Books